Wie können wir den Schaden maximieren? : Gestaltung trotz Komplexität. Beiträge zu einem Public Interest Design.

Bibliographic Details
Main Author: Rodatz, Christoph.
Other Authors: Smolarski, Pierre.
Format: eBook
Language:German
Published: Bielefeld : transcript, 2021.
Edition:1st ed.
Series:Public Interest Design
Subjects:
Online Access:Click to View
LEADER 01586nam a22003853i 4500
001 EBC6757810
003 MiAaPQ
005 20231204023219.0
006 m o d |
007 cr cnu||||||||
008 231204s2021 xx o ||||0 ger d
020 |a 9783839457849  |q (electronic bk.) 
020 |z 9783837657845 
035 |a (MiAaPQ)EBC6757810 
035 |a (Au-PeEL)EBL6757810 
035 |a (OCoLC)1248759168 
040 |a MiAaPQ  |b eng  |e rda  |e pn  |c MiAaPQ  |d MiAaPQ 
100 1 |a Rodatz, Christoph. 
245 1 0 |a Wie können wir den Schaden maximieren? :  |b Gestaltung trotz Komplexität. Beiträge zu einem Public Interest Design. 
250 |a 1st ed. 
264 1 |a Bielefeld :  |b transcript,  |c 2021. 
264 4 |c {copy}2021. 
300 |a 1 online resource (234 pages) 
336 |a text  |b txt  |2 rdacontent 
337 |a computer  |b c  |2 rdamedia 
338 |a online resource  |b cr  |2 rdacarrier 
490 1 |a Public Interest Design 
588 |a Description based on publisher supplied metadata and other sources. 
590 |a Electronic reproduction. Ann Arbor, Michigan : ProQuest Ebook Central, 2023. Available via World Wide Web. Access may be limited to ProQuest Ebook Central affiliated libraries.  
655 4 |a Electronic books. 
700 1 |a Smolarski, Pierre. 
776 0 8 |i Print version:  |a Rodatz, Christoph  |t Wie können wir den Schaden maximieren?  |d Bielefeld : transcript,c2021  |z 9783837657845 
797 2 |a ProQuest (Firm) 
830 0 |a Public Interest Design 
856 4 0 |u https://ebookcentral.proquest.com/lib/matrademy/detail.action?docID=6757810  |z Click to View